LEADER 00966nam a2200217 i 4500 001 000000143546 003 CaOOAMICUS 005 20051006000000.0 008 051006s1939 it u000 u ita u 013 $a118904 040 $aSeMil$bita 100 1 $aGianturco, Luigi Emanuele.$0(OLS)http://semarc/name/57549 245 10$aAmiamo questa Germania :$bimpressioni sul viaggio dei combattenti in Germania /$cLuigi Emanuele Gianturco. 260 $aMilano :$bRavagnati,$cstampa 1939. 300 $a219 p. :$bill. ;$c25 cm. 650 4$aGuerra mondiale <1939-1945> - Germania.$0(OLS)http://semarc/subject/1212 850 $aSeMil 852 $aSeMil$W1$xVenegono$y1$m1222 1 *$j96621$B96621$CSeMilBibl$Z2$F103942 $81 961 $aRecupero: Biblioteca Seminario Saronno 996 $6245$aAmiamo questa Germania :$bimpressioni sul viaggio dei combattenti in Germania$9(OLS)http://semarc/title/210080 996 $6260$aMilano :$bRavagnati$9(OLS)http://semarc/publisher/42892 LEADER 00609nab a2200157 i 4500 001 000000288644 003 CaOOAMICUS 005 20161221000000.0 008 161221n xx uu u0 0und r 013 $a42892 040 $aSeMil$bita 245 10$aIndici dell'annata 2016. - IV p. - Titolo dalla prima pagina. - Fascicolo in formato .pdf. 500 $a2016. 700 1 $aGrasselli, Gabriella.$0(OLS)http://semarc/name/56277 773 0 $t[2016.$dRoma : CiSCS, copyr. 2016.$w()247972 996 $6245$aIndici dell'annata 2016. - IV p. - Titolo dalla prima pagina. - Fascicolo in formato .pdf.$9(OLS)http://semarc/title/368321